| 000 | 00502nam a2200169 a 4500 | ||
|---|---|---|---|
| 008 | 961028s1957 m yxo 0 slo c | ||
| 040 |
_aSNK _bslo _cSNK _eAACR2 |
||
| 041 | 1 | _aslo | |
| 044 |
_axo _cSK |
||
| 080 | _a78(437.6)(091) | ||
| 245 | 1 | 0 |
_aDejiny slovenskej hudby _c[spracovali Zdenka Bokesová [et al.]] |
| 260 |
_aBratislava _bVydavateľstvo Slovenskej akadémie vied _c1957 |
||
| 300 |
_a540 s. _c25 cm |
||
| 650 | 0 | 7 |
_ahudba slovenská _xdejiny _xmonografie _2SNK |
| 020 | _c53,50 | ||
| 958 | _aA | ||
| 999 |
_c15089 _d15089 |
||